| 000 | 00413nam a2200157Ia 4500 | ||
|---|---|---|---|
| 008 | 220803s9999 xx 000 0 und d | ||
| 041 | _aeng | ||
| 082 | _a690 NIE | ||
| 100 |
_aNield D _927867 |
||
| 245 | _aMitchell's Advanced Building Consturction | ||
| 250 | _a17th | ||
| 260 |
_aLondon _bB T Batsford Ltd-- _c1959 |
||
| 300 | _a444p | ||
| 650 |
_aBuilding Technology _927868 |
||
| 700 |
_aNield D Rev. _927869 |
||
| 999 |
_c17747 _d17747 |
||